Responses for Show #3479 - Thursday, October 21, 1999

Eddie Timanus game 2.

Contestants

[<< previous game]

Chris Ratto, an English teacher from Minneola, New York

Jeanne Davis, a systems analyst from Valrico, Florida

Eddie Timanus, a sportswriter from Reston, Virginia (whose 1-day cash winnings total $14,400)

[next game >>]

Jeopardy! Round responses

MATH & SCIENCE
A WORLD OF BEER
(Alex: We'll give you the beer, you have to name its country of origin.)
SOUTH DAKOTA
BLACK AMERICANS
HIs & BYEs
TV CHARACTERS' MAIDEN NAMES
    $100 16
0 (zero)

Eddie
    $100 1
Japan

Jeanne
    $100 21
Pierre

Chris
    $100 26
Rev. Jesse Jackson

Jeanne
    $100 11
(Jeanne: What is "I'll Be Back!")

"Hasta La Vista, Baby!"

JeanneChris
    $100 6
Lucille Ball

Eddie
    $200 17
watt

Chris
    $200 2
Australia

Eddie
    $500 22
(Chris: What are the Black Hills?)

Wounded Knee

Chris
    $200 27
Muhammad Ali (Cassius Clay)

Eddie
    $200 12
Howdy Doody

Chris
    $200 7
Bouvier

Jeanne
    $300 18
Isaac Newton

Jeanne
    $300 3
Germany

Chris
    $300 23
gold

Eddie
    $300 28
Maya Angelou

Chris
    $300 13
"See Ya Later, Alligator!"

Chris
    $300 8
Mad About You

Chris
    $400 19
1000

Eddie
    $400 4
Canada

Eddie
    $400 24
L. Frank Baum

Eddie
    $400 29
(Jeanne: Who is Naomi Campbell?)

Tyra Banks

JeanneChris
    $400 14
Sayonara

Jeanne
    $400 9
Laura Petrie (from "The Dick Van Dyke Show")

Triple Stumper
    $500 20
(Jeanne: What is middle C?)

A

EddieJeanne
    $500 5
(Alex: Too bad we have only one of these beer categories; you guys seem to have found your niche!)

Ireland

Jeanne
    $500 25
(Chris: Who is Jesse James?)
...
(Alex: And we have a minute to go.)

Wild Bill Hickok

EddieChris
    $500 30
Alvin Ailey

Chris
    $500 15
Ahoy!

Chris
    $500 10
Sally Struthers

Chris

Scores at the first commercial break (after clue 15):

Eddie Jeanne Chris
$700 $1,100 $2,200

Scores at the end of the Jeopardy! Round:

Eddie Jeanne Chris
$3,100 $600 $2,700

Double Jeopardy! Round responses

SECRETARIES OF STATE
FOREIGN-BORN OSCAR WINNERS
SHAKESPEAREAN GEOGRAPHY
PHIL-ER UP
THE YEAR OF THE HEADLINE
"SEVEN"s
    $200 7
Thomas Jefferson

Chris
    $200 25
Vivian Leigh

Eddie
    $200 6
London

Eddie
    $200 15
(Chris: Who is Johnny Carson?)

Phil Donahue

EddieChris
    $200 16
1939

Eddie
    $200 1
Seventh Heaven

Jeanne
    $400 10
George Marshall

Eddie
    $400 26
Shine

Jeanne
    $400 8
Paris

Chris
    $400 21
Phil Hartman

Eddie
    $400 17
1998

Chris
    $400 2
Seventh-day Adventists

Eddie
    $600 11
(Jeanne: Who is Alexander Haig?)

Warren Christopher

Jeanne
Triple Stumper
    $600 27
Sophia Loren (for "Two Women")

Chris
    $600 9
Sicily

Eddie
    $600 22
Phil Collins

Jeanne
    $600 18
1972

Eddie
    $600 3
The Seven Samurai

Jeanne
    $800 12
James Buchanan

Eddie
    $800 28
Ingrid Bergman

Eddie
    $800 13
Norway

Chris
    $800 23
Phil Esposito

Eddie
    $800 19
1980

Eddie
    $800 4
Seven Days in May

Triple Stumper
    $1000 29
Dean Rusk

Triple Stumper
    $1,200 30
(Alex: And you think he can't do math in his head?)

Yul Brynner

Eddie
    $400 14
Athens

Chris
    $1000 24
Phil Gramm

Eddie
    $1000 20
1957

Eddie
    $1000 5
(Jeanne: What are the Seven Wonders of the World?)

Seven Cities of Cibola/Gold

JeanneChris

Scores at the end of the Double Jeopardy! Round:

Eddie Jeanne Chris
$12,700 $800 $6,300
(lock game)

[wagering suggestions for these scores]

Final Jeopardy! Round responses

EXPLORERS
(Alex: Mallory disappeared while trying to climb Mount Everest in 1924.)
JeanneWho is Perry?
$200
ChrisWho was Henry Cabot?
$6,300
EddieWHO WAS EDMUND HILLARY?
$0
Sir Edmund Hillary

Final scores:

Eddie Jeanne Chris
$12,700 $600 $0
2-day champion: $27,100 2nd place: Trip to Sandals Bahamian Resort & Spa 3rd place: 1-800 Gift Certificate

Game dynamics:

Coryat scores:

Eddie Jeanne Chris
$12,500 $800 $7,400
26 R
(including 1 DD),
0 W
10 R,
5 W
19 R
(including 1 DD),
3 W
(including 1 DD)

Combined Coryat: $20,700

[game clues] [game scores] [suggest correction]

Game tape date: 1999-08-03
The J! Archive is created by fans, for fans. Scraping, republication, monetization, and malicious use prohibited; this site may use cookies and collect identifying information. See terms. The Jeopardy! game show and all elements thereof, including but not limited to copyright and trademark thereto, are the property of Jeopardy Productions, Inc. and are protected under law. This website is not affiliated with, sponsored by, or operated by Jeopardy Productions, Inc. Join the discussion at JBoard.tv.